The life and times of Birsa Munda / (Record no. 150765)

MARC details
000 -LEADER
fixed length control field 00740nam a22001937a 4500
010 ## - LCCN (DPL NO)
LC control number B-690842-843 ENG-125297
020 ## - INTERNATIONAL STANDARD BOOK NUMBER
International Standard Book Number 9789350483954
Terms of availability 150.00
035 ## - SYSTEM CONTROL NUMBER
System control number B-690842-843 EN-108829
037 ## - SOURCE OF ACQUISITION
Source of stock number/acquisition Ocean Books
082 ## - DEWEY DECIMAL CLASSIFICATION NUMBER
Classification number 920
100 ## - MAIN ENTRY--PERSONAL NAME
Personal name Gopi Krishan Kumar
245 ## - TITLE STATEMENT
Title The life and times of Birsa Munda /
Statement of responsibility, etc by Gopi Krishan Kumar
260 ## - PUBLICATION, DISTRIBUTION, ETC. (IMPRINT)
Place of publication, distribution, etc New Delhi
Name of publisher, distributor, etc Prabhat Books
Date of publication, distribution, etc 2013
270 ## - ADDRESS
Address 4/19 Asaf Ali Road, New Delhi-110002
City New Delhi
Postal code 110002
300 ## - PHYSICAL DESCRIPTION
Extent 120p. :
Dimensions 22cm(Hb)
Other physical details ill
500 ## - GENERAL NOTE
General note Balidani
942 ## - ADDED ENTRY ELEMENTS (KOHA)
Source of classification or shelving scheme Dewey Decimal Classification
Item type English Books
Classification part 920
Call number suffix GOP
Holdings
Withdrawn status Lost status Not for loan Collection code Home library Current library Date acquired Source of acquisition Cost, normal purchase price Full call number Barcode Copy number Cost, replacement price Koha item type
      Non-fiction Central Library Central Library 04/04/2018 Ocean Books/BL/19770/01.03.2018/793/19.02.2018/09.03.2018 150.00 920 GOP B-690842 1 150.00 English Books
      Non-fiction Patel Nagar Patel Nagar 24/05/2019 DBAD/PUB 150.00 920 GOP EN-108829 1 150.00 English Books
      Non-fiction Sarojini Nagar Sarojini Nagar 04/04/2018 Ocean Books/BL/19770/01.03.2018/793/19.02.2018/09.03.2018 150.00 920 GOP B-690843 1 150.00 English Books

© Delhi Public Library
Hit Counter
free hit counter